Potřebuji pomoc ?

Počet a veľkosť malých a stredných podnikov v Čechách rastie, zvyšuje sa ich podiel na tvorbe hrubého domáceho produktu. Vývoj podielu malých a stredných podnikov na exporte a importe v rokoch 1997-2002.

Salvato in:
Dettagli Bibliografici
Autore principale: Hrstková, Julie
Natura: Capitolo di libro
Lingua:ceco
Soggetti:
Tags: Aggiungi Tag
Nessun Tag, puoi essere il primo ad aggiungerne!!

MARC

LEADER 00000naa a2200000 4500
001 r048607
005 20231004071137.4
041 0 |a cze 
044 |a CZ 
245 1 0 |a Potřebuji pomoc ?  |c Julie Hrstková 
520 |a Počet a veľkosť malých a stredných podnikov v Čechách rastie, zvyšuje sa ich podiel na tvorbe hrubého domáceho produktu. Vývoj podielu malých a stredných podnikov na exporte a importe v rokoch 1997-2002. 
610 2 0 |a podnik malý 
610 2 0 |a podnik stredný 
610 2 0 |a produkt domáci hrubý 
610 2 0 |a dovoz 
610 2 0 |a vývoz 
610 2 0 |a Česko 
100 1 |a Hrstková, Julie